000
00284nam a2200109Ia 4500
008
200302s9999 xx 000 0 und d
100
_a
Peter Buchanan
245
_a
Renzo Piano Building Workshop Complete Works(vol2)
260
_b
Phaidon Press Ltd.
260
_c
2006
300
_a
240 P.,
999
_c
3023
_d
3023